[Event "Deutsche Ländermeisterschaft 2016"]
[Site "Hannover GER"]
[Date "2016.10.05"]
[Round "7"]
[White "Nguyen, Huy Dat"]
[Black "Schröder, Kevin"]
[Result "0-1"]
[Termination "normal"]
[Board "6.1"]
[BlackTitle "FM"]
[WhiteElo "2174"]
[BlackElo "2266"]
[WhiteTeam "Thüringen"]
[BlackTeam "Nordrhein-Westfalen"]
[PlyCount "140"]
[WhiteFideId "12923486"]
[BlackFideId "12929840"]
[EventCountry "GER"]
[EventRounds "7"]
[EventType "team-swiss"]
[EventDate "2016.09.30"]

1. e4 e5 2. Nf3 Nc6 3. Bb5 Nf6 4. d3 d6 5. O-O g6 6. Re1 Bg7 7. d4 Bd7 8. Nc3
exd4 9. Nxd4 O-O 10. Nxc6 bxc6 11. Bc4 Be6 12. Bb3 Nd7 13. Bf4 Ne5 14. Qe2 Rb8
15. Rad1 Rb4 16. Bc1 c5 17. Nd5 Rb8 18. Ne3 Bxb3 19. axb3 Nc6 20. h3 Re8 21.
Ng4 Nd4 22. Qc4 Qe7 23. Bh6 Qe6 24. Qd3 Bxh6 25. Nxh6+ Kg7 26. Ng4 h5 27. Nh2
Qf6 28. Ra1 Nc6 29. Qc3 a5 30. Nf3 Rb4 31. e5 dxe5 32. Qxc5 Rf4 33. Re3 e4 34.
Rae1 Re6 35. Nd2 Qxb2 36. Nxe4 Qd4 37. Qxd4+ Nxd4 38. Ng5 Rc6 39. Rc1 Rf5 40.
Ne4 Rb5 41. Nd2 Nxc2 42. Re4 Rd5 43. Nc4 Nd4 44. Rb1 a4 45. Ne3 Ne2+ 46. Kf1
Nc3 47. Nxd5 Nxe4 48. Ke1 Rc5 49. Ne3 Nc3 50. b4 Nxb1 51. bxc5 a3 52. Nc2 a2
53. Ke2 Nc3+ 54. Kd3 Nd5 55. Kc4 Nf4 56. Kb3 a1=Q 57. Nxa1 Nxg2 58. Kc4 Nf4 59.
Kb5 Nxh3 60. Kc6 Nf4 61. Kxc7 h4 62. c6 h3 63. Kd6 Ne6 64. Nb3 h2 65. Nc5 Nxc5
66. c7 Nb7+ 67. Ke7 h1=Q 68. c8=Q Qe4+ 69. Kd7 Qe6+ 70. Kc7 Qxc8+ 0-1

[Event "Deutsche Ländermeisterschaft 2016"]
[Site "Hannover GER"]
[Date "2016.10.05"]
[Round "7"]
[White "Holtel, Jasper"]
[Black "Scheftlein, Richard"]
[Result "1-0"]
[Termination "normal"]
[Board "6.2"]
[WhiteTitle "FM"]
[WhiteElo "2194"]
[BlackElo "2092"]
[WhiteTeam "Nordrhein-Westfalen"]
[BlackTeam "Thüringen"]
[PlyCount "65"]
[WhiteFideId "12956376"]
[BlackFideId "12945609"]
[EventCountry "GER"]
[EventRounds "7"]
[EventType "team-swiss"]
[EventDate "2016.09.30"]

1. e4 c6 2. d4 d5 3. e5 Bf5 4. Nf3 e6 5. Be2 Ne7 6. O-O Nd7 7. Nbd2 c5 8. c4
cxd4 9. Nxd4 Nxe5 10. Qa4+ Qd7 11. Qxd7+ Nxd7 12. Nb5 Kd8 13. Nd6 Bg6 14. Nxb7+
Kc7 15. Na5 Ne5 16. Nf3 Nxc4 17. Nxc4 dxc4 18. Bf4+ Kb7 19. Bxc4 Nc6 20. Rfd1
Rd8 21. Rxd8 Nxd8 22. Rd1 Nc6 23. Rd7+ Kb6 24. a3 a5 25. Be2 e5 26. Nxe5 Nxe5
27. Bxe5 Bc5 28. Bxg7 Re8 29. Kf1 Kc6 30. Rd2 Bd6 31. Bc3 Bf4 32. Bf3+ Kb5 33.
Rd5+ 1-0

[Event "Deutsche Ländermeisterschaft 2016"]
[Site "Hannover GER"]
[Date "2016.10.05"]
[Round "7"]
[White "Weishäutel, Moritz"]
[Black "Browning, Alex"]
[Result "1/2-1/2"]
[Termination "normal"]
[Board "6.3"]
[WhiteElo "1946"]
[BlackElo "2100"]
[WhiteTeam "Thüringen"]
[BlackTeam "Nordrhein-Westfalen"]
[PlyCount "119"]
[WhiteFideId "12967300"]
[BlackFideId "12984019"]
[EventCountry "GER"]
[EventRounds "7"]
[EventType "team-swiss"]
[EventDate "2016.09.30"]

1. e4 c5 2. Nf3 d6 3. d4 cxd4 4. Nxd4 Nf6 5. Nc3 a6 6. Bc4 e6 7. a4 Qc7 8. Ba2
Be7 9. O-O O-O 10. Qf3 Bd7 11. Qg3 Kh8 12. Be3 Nc6 13. Rad1 Ne5 14. f4 Neg4 15.
Bc1 Qb6 16. Kh1 e5 17. fxe5 Nxe5 18. Bg5 Nh5 19. Qh4 Bxg5 20. Qxg5 Qxb2 21. Nd5
Qxa2 22. Qxh5 Bg4 23. Qh4 f5 24. Nf3 Bxf3 25. gxf3 fxe4 26. Qxe4 Rac8 27. Ne3
Qa3 28. Rb1 Rc3 29. Nd5 Rc4 30. Qe2 Qc5 31. Ne3 Rc3 32. Rb3 Rxb3 33. cxb3 Qc6
34. Kg2 h6 35. Nc4 Ng6 36. Kh1 b5 37. axb5 axb5 38. Nd2 Ne5 39. Qe4 Qc3 40. Qd5
Qb4 41. Ne4 Rd8 42. Rd1 Rf8 43. Nxd6 Qf4 44. Qe4 Qxf3+ 45. Qxf3 Rxf3 46. Nxb5
Rf2 47. Nd4 Ng4 48. Rb1 Rxh2+ 49. Kg1 Rd2 50. Nf3 Ne3 51. b4 Rg2+ 52. Kh1 Rg6
53. b5 Rb6 54. Ne5 g5 55. Rb3 Nd5 56. Nc4 Rb7 57. b6 Kh7 58. Kh2 Kg6 59. Rd3
Nxb6 60. Rd6+ 1/2-1/2

[Event "Deutsche Ländermeisterschaft 2016"]
[Site "Hannover GER"]
[Date "2016.10.05"]
[Round "7"]
[White "Wagner, Leopold Franziskus"]
[Black "Grund, Sebastian"]
[Result "1-0"]
[Termination "normal"]
[Board "6.4"]
[WhiteElo "1997"]
[BlackElo "1859"]
[WhiteTeam "Nordrhein-Westfalen"]
[BlackTeam "Thüringen"]
[PlyCount "55"]
[WhiteFideId "1641581"]
[BlackFideId "12988626"]
[EventCountry "GER"]
[EventRounds "7"]
[EventType "team-swiss"]
[EventDate "2016.09.30"]

1. e4 c5 2. Nf3 Nc6 3. d4 cxd4 4. Nxd4 g6 5. c4 Bg7 6. Nc2 d6 7. Nc3 f5 8. exf5
Bxf5 9. Ne3 Be6 10. Bd2 Nh6 11. Bd3 O-O 12. O-O Ne5 13. Be2 Nf5 14. Ned5 Qd7
15. Rc1 Nd4 16. Be3 Nxe2+ 17. Qxe2 Ng4 18. f3 Nxe3 19. Qxe3 Rf5 20. Rfe1 Re5
21. Qd2 Rc8 22. b3 Rxe1+ 23. Rxe1 a6 24. Nb6 Qc6 25. Nxc8 Qxc8 26. Qe3 Bxc3 27.
Qxc3 Bf7 28. Rxe7 1-0

[Event "Deutsche Ländermeisterschaft 2016"]
[Site "Hannover GER"]
[Date "2016.10.05"]
[Round "7"]
[White "Ratay, Meike"]
[Black "Runte, Moritz"]
[Result "1/2-1/2"]
[Termination "normal"]
[Board "6.5"]
[WhiteElo "1716"]
[BlackElo "1860"]
[WhiteTeam "Thüringen"]
[BlackTeam "Nordrhein-Westfalen"]
[PlyCount "48"]
[WhiteFideId "12977608"]
[BlackFideId "12991449"]
[EventCountry "GER"]
[EventRounds "7"]
[EventType "team-swiss"]
[EventDate "2016.09.30"]

1. e4 e5 2. Nf3 Nc6 3. Bb5 a6 4. Bxc6 dxc6 5. O-O Qf6 6. d3 Bd7 7. Nbd2 Ne7 8.
Nc4 Ng6 9. Be3 Be7 10. d4 exd4 11. Bxd4 Qe6 12. Nfd2 Nf4 13. Be5 Nxg2 14. Kxg2
b5 15. Qe2 bxc4 16. Nxc4 Bd6 17. Nxd6+ cxd6 18. Bg3 O-O 19. Qd3 d5 20. exd5
cxd5 21. Rfe1 Qh6 22. Kg1 Be6 23. c3 Rfc8 24. Rad1 Qg6 1/2-1/2

[Event "Deutsche Ländermeisterschaft 2016"]
[Site "Hannover GER"]
[Date "2016.10.05"]
[Round "7"]
[White "Möller, Lisa-Marie"]
[Black "Nguyen, Ha Thanh"]
[Result "1/2-1/2"]
[Termination "normal"]
[Board "6.6"]
[WhiteElo "1697"]
[BlackElo "1732"]
[WhiteTeam "Nordrhein-Westfalen"]
[BlackTeam "Thüringen"]
[PlyCount "68"]
[WhiteFideId "12959367"]
[BlackFideId "12942154"]
[EventCountry "GER"]
[EventRounds "7"]
[EventType "team-swiss"]
[EventDate "2016.09.30"]

1. e4 c5 2. Nf3 Nc6 3. d4 cxd4 4. Nxd4 g6 5. c4 Bg7 6. Nc2 Nf6 7. Nc3 O-O 8.
Be2 d6 9. O-O a5 10. Be3 Be6 11. f3 Rc8 12. Qd2 Nd7 13. Rac1 Nc5 14. Rfd1 b6
15. b3 h5 16. Bf1 Kh7 17. Rb1 Ra8 18. Nd4 Nxd4 19. Bxd4 Bxd4+ 20. Qxd4 Qd7 21.
Rd2 Rfb8 22. a3 a4 23. bxa4 Nxa4 24. Nd5 Qd8 25. e5 Nc5 26. exd6 Bxd5 27. Qxd5
e6 28. Qc6 Rxa3 29. Rdb2 Nd7 30. Rb4 Ra5 31. Rb5 Ra7 32. Rd1 Rc8 33. Qe4 Rc5
34. Rxc5 bxc5 1/2-1/2

[Event "Deutsche Ländermeisterschaft 2016"]
[Site "Hannover GER"]
[Date "2016.10.05"]
[Round "7"]
[White "Schulz, Theresa Charlotte"]
[Black "Müdder, Melanie"]
[Result "1/2-1/2"]
[Termination "normal"]
[Board "6.7"]
[WhiteElo "1604"]
[BlackElo "1565"]
[WhiteTeam "Thüringen"]
[BlackTeam "Nordrhein-Westfalen"]
[PlyCount "98"]
[WhiteFideId "12952206"]
[BlackFideId "12994103"]
[EventCountry "GER"]
[EventRounds "7"]
[EventType "team-swiss"]
[EventDate "2016.09.30"]

1. e4 c5 2. Nf3 Nc6 3. d4 cxd4 4. Nxd4 g6 5. Nc3 Bg7 6. Be3 Nf6 7. Bc4 d6 8. h3
O-O 9. O-O Na5 10. Bb3 Nxb3 11. Nxb3 b6 12. Re1 Bb7 13. Bf4 Qc8 14. Rb1 Qc4 15.
Qd3 Qxd3 16. cxd3 Rfe8 17. f3 Rac8 18. Kf2 Nh5 19. Bd2 Be5 20. Rec1 Ba6 21. d4
Bg3+ 22. Kg1 Bd3 23. Ra1 Nf4 24. Be1 Bxe1 25. Rxe1 Bc4 26. Nc1 a6 27. N3e2 Bxe2
28. Nxe2 Nd3 29. Red1 Nxb2 30. Rd2 Nc4 31. Rc2 Ne3 32. Rb2 Nc2 33. Rd1 b5 34.
Rd3 b4 35. Rd2 Ne3 36. Rxb4 Rb8 37. Rdb2 Rxb4 38. Rxb4 Rc8 39. Rb3 Nc4 40. Rc3
Nb6 41. Kf2 Rxc3 42. Nxc3 Kf8 43. Ke3 Ke8 44. Kd3 Kd7 45. d5 e6 46. Kd4 Kc7 47.
Kd3 Nd7 48. Kc4 Kb6 49. Kb4 Kb7 1/2-1/2

[Event "Deutsche Ländermeisterschaft 2016"]
[Site "Hannover GER"]
[Date "2016.10.05"]
[Round "7"]
[White "Rudolph, Eva"]
[Black "Reuter, Elisa"]
[Result "1-0"]
[Termination "normal"]
[Board "6.8"]
[WhiteElo "1568"]
[BlackElo "1652"]
[WhiteTeam "Nordrhein-Westfalen"]
[BlackTeam "Thüringen"]
[PlyCount "161"]
[WhiteFideId "16200594"]
[BlackFideId "12995444"]
[EventCountry "GER"]
[EventRounds "7"]
[EventType "team-swiss"]
[EventDate "2016.09.30"]

1. e4 c5 2. Nf3 Nc6 3. d4 cxd4 4. Nxd4 g6 5. c4 Bg7 6. Nc2 d6 7. Be2 f5 8. exf5
Bxf5 9. O-O Be6 10. Ne3 Nh6 11. Nc3 O-O 12. Ned5 Nf5 13. Re1 Qd7 14. Rb1 Rac8
15. Bd2 Nfd4 16. Rc1 Nxe2+ 17. Qxe2 Nd4 18. Qf1 Rfe8 19. Be3 Bf5 20. Red1 Nc2
21. Bxa7 Qc6 22. Nb6 Rcd8 23. Nbd5 e6 24. Ne3 Nxe3 25. Bxe3 Rd7 26. Qe2 Ra8 27.
b3 Be5 28. Nb5 Qa6 29. Rd2 Bf6 30. Bd4 Bxd4 31. Nxd4 e5 32. Nxf5 gxf5 33. Qh5
Rf8 34. Rcd1 Qc6 35. Rd5 Rg7 36. Qh3 Rg6 37. Qd3 Rff6 38. f3 Qb6+ 39. Kf1 Rh6
40. h3 Rhg6 41. Qe2 e4 42. Re1 Kg7 43. Qf2 Qxf2+ 44. Kxf2 Rf7 45. Re2 exf3 46.
Kxf3 Kf8 47. Ra5 Kg7 48. Kf4 Rgf6 49. Rd2 Kg6 50. Rdd5 h6 51. Rab5 h5 52. Rb6
Re7 53. Rdxd6 Re4+ 54. Kf3 Rxd6 55. Rxd6+ Kg5 56. Rd7 Rf4+ 57. Ke3 Re4+ 58. Kd3
Kh4 59. Rg7 Re6 60. b4 Ra6 61. Rxb7 Rxa2 62. Rg7 Rb2 63. Kc3 Rb1 64. b5 f4 65.
Kd4 Rg1 66. Ke4 Rc1 67. Kd5 Rg1 68. Ke4 Rc1 69. Rc7 Kg3 70. b6 Kxg2 71. Kxf4
Kxh3 72. b7 Rb1 73. Rg7 Rb4 74. Rc7 Kg2 75. Ke5 h4 76. c5 h3 77. Rh7 h2 78. c6
h1=Q 79. Rxh1 Kxh1 80. Kd6 Kg2 81. c7 1-0

[Event "Deutsche Ländermeisterschaft 2016"]
[Site "Hannover GER"]
[Date "2016.10.05"]
[Round "7"]
[White "Pfreundt, Jakob"]
[Black "Kitze, Alexander"]
[Result "1-0"]
[Termination "normal"]
[Board "7.1"]
[WhiteElo "2269"]
[BlackElo "2159"]
[WhiteTeam "Hamburg"]
[BlackTeam "Sachsen-Anhalt"]
[PlyCount "99"]
[WhiteFideId "12918156"]
[BlackFideId "12914827"]
[EventCountry "GER"]
[EventRounds "7"]
[EventType "team-swiss"]
[EventDate "2016.09.30"]

1. e4 c5 2. Nf3 d6 3. d4 cxd4 4. Nxd4 Nf6 5. Nc3 a6 6. Be3 e6 7. f3 b5 8. Qd2
Nbd7 9. g4 h6 10. O-O-O b4 11. Nce2 Qc7 12. h4 d5 13. Bf4 e5 14. Bh2 dxe4 15.
g5 hxg5 16. hxg5 Rxh2 17. Rxh2 exd4 18. Rh8 Nd5 19. Qxd4 Bb7 20. fxe4 N5b6 21.
Qxb4 O-O-O 22. Qb3 Bxe4 23. Nc3 Qf4+ 24. Kb1 Kc7 25. Rxf8 Rxf8 26. Bxa6 Bc6 27.
Bb5 Rd8 28. Bxc6 Kxc6 29. Qb5+ Kc7 30. a4 Qc4 31. a5 Qxb5 32. Nxb5+ Kc6 33.
Nd4+ Kb7 34. axb6 Nxb6 35. c3 Rd5 36. Rf1 Rxg5 37. Rxf7+ Ka6 38. Ne6 Rg6 39.
Nc7+ Ka5 40. Rf5+ Ka4 41. Rf4+ Ka5 42. Rf5+ Ka4 43. Ka2 Rg2 44. Rb5 Nd7 45.
Rb4+ Ka5 46. Ka3 Rg5 47. c4 Nb6 48. b3 Rc5 49. Ne6 Rf5 50. c5 1-0

[Event "Deutsche Ländermeisterschaft 2016"]
[Site "Hannover GER"]
[Date "2016.10.05"]
[Round "7"]
[White "Biastoch, Bennet"]
[Black "Ravina, David"]
[Result "1/2-1/2"]
[Termination "normal"]
[Board "7.2"]
[WhiteElo "2117"]
[BlackElo "2163"]
[WhiteTeam "Sachsen-Anhalt"]
[BlackTeam "Hamburg"]
[PlyCount "88"]
[WhiteFideId "12939889"]
[BlackFideId "12921858"]
[EventCountry "GER"]
[EventRounds "7"]
[EventType "team-swiss"]
[EventDate "2016.09.30"]

1. e4 e5 2. Nf3 Nc6 3. Bb5 f5 4. Nc3 fxe4 5. Nxe4 Nf6 6. Nxf6+ Qxf6 7. Qe2 Be7
8. Bxc6 bxc6 9. Nxe5 Qe6 10. d4 O-O 11. Be3 c5 12. Nf3 Ba6 13. d5 Qb6 14. c4
Qb4+ 15. Nd2 Qxb2 16. O-O Rae8 17. Qg4 Bc8 18. Rab1 Qe5 19. Nf3 Qf6 20. Rfe1 c6
21. Bg5 Qg6 22. Qh4 Bd6 23. Nd2 h6 24. Be3 Re5 25. h3 Rfe8 26. Qg4 Qxg4 27.
hxg4 cxd5 28. Nf3 Re4 29. cxd5 Ba6 30. Rec1 Rc4 31. Nd2 Rxg4 32. Bxc5 Bf4 33.
Be3 Bxe3 34. Re1 Bxd2 35. Rxe8+ Kf7 36. Ra8 Bc4 37. Rxa7 Bxd5 38. Rd1 Rd4 39.
Rxd7+ Ke6 40. Rxg7 Bxa2 41. Rxd2 Rxd2 42. Rg6+ Kf5 43. Rxh6 Bd5 44. f3 Bxf3
1/2-1/2

[Event "Deutsche Ländermeisterschaft 2016"]
[Site "Hannover GER"]
[Date "2016.10.05"]
[Round "7"]
[White "Rogozenco, Teodora"]
[Black "Wagner, Benjamin"]
[Result "1-0"]
[Termination "normal"]
[Board "7.3"]
[WhiteTitle "WFM"]
[WhiteElo "2027"]
[BlackElo "1923"]
[WhiteTeam "Hamburg"]
[BlackTeam "Sachsen-Anhalt"]
[PlyCount "85"]
[WhiteFideId "12938084"]
[BlackFideId "12957330"]
[EventCountry "GER"]
[EventRounds "7"]
[EventType "team-swiss"]
[EventDate "2016.09.30"]

1. d4 Nf6 2. c4 g6 3. Nc3 Bg7 4. g3 O-O 5. Bg2 d6 6. Nf3 Nc6 7. O-O a6 8. Qd3
b5 9. cxb5 Nb4 10. Qc4 Nc2 11. Rb1 axb5 12. Nxb5 Bf5 13. Bf4 c6 14. Nc3 Qb6 15.
Nh4 d5 16. Qc5 Qxc5 17. dxc5 Bc8 18. Be5 Bh6 19. Bf4 Bg7 20. Rfc1 Nd4 21. b4
Ba6 22. Bf1 Nd7 23. a4 e5 24. Bd2 Rfb8 25. b5 cxb5 26. Nxd5 bxa4 27. Nc7 Ra7
28. Nxa6 Rxa6 29. e3 Rxb1 30. Rxb1 Nb3 31. Bxa6 Nxd2 32. Rb5 a3 33. c6 Nb6 34.
c7 Ndc4 35. Rb1 Nd6 36. Ra1 Ne8 37. c8=Q Nxc8 38. Bxc8 Bf8 39. Nf3 Nd6 40. Ba6
Ne4 41. Ne1 Nd2 42. Ra2 Nb3 43. Bc4 1-0

[Event "Deutsche Ländermeisterschaft 2016"]
[Site "Hannover GER"]
[Date "2016.10.05"]
[Round "7"]
[White "Dietz, Florian"]
[Black "Spät, Alexander"]
[Result "0-1"]
[Termination "normal"]
[Board "7.4"]
[WhiteElo "1821"]
[BlackElo "2002"]
[WhiteTeam "Sachsen-Anhalt"]
[BlackTeam "Hamburg"]
[PlyCount "100"]
[WhiteFideId "12939897"]
[BlackFideId "24687693"]
[EventCountry "GER"]
[EventRounds "7"]
[EventType "team-swiss"]
[EventDate "2016.09.30"]

1. e4 e6 2. d4 d5 3. Nd2 a6 4. Ngf3 Nf6 5. e5 Nfd7 6. Bd3 c5 7. c3 Nc6 8. Nf1
Qb6 9. Qa4 f6 10. exf6 Nxf6 11. Ng3 cxd4 12. Nxd4 Bd7 13. Nxc6 bxc6 14. O-O e5
15. Qh4 e4 16. Be2 Bd6 17. Bh5+ Nxh5 18. Nxh5 O-O 19. Nxg7 Qd8 20. Bg5 Qc7 21.
Nh5 Bf5 22. Bf6 Bg6 23. Bd4 Bxh2+ 24. Kh1 Be5 25. Bc5 Rf3 26. Ng3 Rf4 27. Qh3
Qf7 28. Be3 Rf6 29. Kg1 Rf8 30. Bc5 Rb8 31. Ba3 Bf5 32. Qh4 Kh8 33. f4 exf3 34.
Rxf3 Be4 35. Nxe4 Rxf3 36. gxf3 dxe4 37. Qxe4 Re8 38. Qxc6 Rg8+ 39. Kf1 Qg7 40.
Bc5 Qg2+ 41. Ke1 Qh1+ 42. Ke2 Qxa1 43. Bd4 Qxb2+ 44. Ke3 Qb5 45. Qd6 Re8 46. c4
Bg7+ 47. Kf2 Bxd4+ 48. Qxd4+ Qe5 49. Qd2 Qe1+ 50. Kg2 Rg8+ 0-1

[Event "Deutsche Ländermeisterschaft 2016"]
[Site "Hannover GER"]
[Date "2016.10.05"]
[Round "7"]
[White "Pfreundt, Mathis"]
[Black "Hundrieser, Malte"]
[Result "1/2-1/2"]
[Termination "normal"]
[Board "7.5"]
[WhiteElo "1860"]
[BlackElo "1787"]
[WhiteTeam "Hamburg"]
[BlackTeam "Sachsen-Anhalt"]
[PlyCount "118"]
[WhiteFideId "12967092"]
[BlackFideId "12997153"]
[EventCountry "GER"]
[EventRounds "7"]
[EventType "team-swiss"]
[EventDate "2016.09.30"]

1. e4 c5 2. Nf3 Nc6 3. d4 cxd4 4. Nxd4 g6 5. c4 Nf6 6. Nc3 Nxd4 7. Qxd4 d6 8.
Be3 Bg7 9. Be2 O-O 10. Qd2 Be6 11. O-O Qa5 12. Rac1 Rfc8 13. b3 a6 14. Bf3 Rab8
15. Ba7 Ra8 16. Bd4 Rab8 17. Ba7 Ra8 18. Be3 Rab8 19. Nd5 Qxd2 20. Bxd2 Nxd5
21. exd5 Bf5 22. Bf4 b6 23. Rfe1 Kf8 24. Re2 Rc7 25. Rce1 Bc3 26. Bh6+ Ke8 27.
Rc1 Bd4 28. g4 Bc8 29. Re4 Bc5 30. Bg7 f5 31. gxf5 Bxf5 32. Rh4 h5 33. Re1 Kf7
34. Ba1 Rf8 35. Rf4 Kg8 36. Be4 Bxe4 37. Rexe4 Rxf4 38. Rxf4 Rc8 39. Kg2 Rf8
40. Rxf8+ Kxf8 41. Bc3 a5 42. Kg3 Kf7 43. f4 Be3 44. Kf3 Bc5 45. Ke4 e6 46. Bd4
Ke7 47. Bg7 Kf7 48. Bh6 Ke7 49. Bg5+ Kf7 50. Bh4 Bg1 51. h3 Bc5 52. Be1 Ke7 53.
Bc3 Kf7 54. Bd4 Ke7 55. Bxc5 bxc5 56. dxe6 Kxe6 57. a3 h4 58. a4 Kf6 59. Ke3
Ke6 1/2-1/2

[Event "Deutsche Ländermeisterschaft 2016"]
[Site "Hannover GER"]
[Date "2016.10.05"]
[Round "7"]
[White "Dietz, Kristin"]
[Black "Popist, Florian"]
[Result "1-0"]
[Termination "normal"]
[Board "7.6"]
[WhiteElo "1601"]
[BlackElo "1736"]
[WhiteTeam "Sachsen-Anhalt"]
[BlackTeam "Hamburg"]
[PlyCount "107"]
[WhiteFideId "12993743"]
[BlackFideId "16203518"]
[EventCountry "GER"]
[EventRounds "7"]
[EventType "team-swiss"]
[EventDate "2016.09.30"]

1. e4 c5 2. Nf3 a6 3. d4 cxd4 4. Nxd4 Nf6 5. Nc3 e5 6. Nf3 Nc6 7. Bd3 Bb4 8.
Bd2 O-O 9. O-O d6 10. h3 h6 11. Qe2 Be6 12. a3 Bc5 13. Be3 b5 14. Rad1 Qb6 15.
Bxc5 dxc5 16. Nd5 Bxd5 17. exd5 Nd4 18. Qxe5 Nxf3+ 19. gxf3 Rfe8 20. Qg3 Rad8
21. d6 Re6 22. d7 Re7 23. Bf5 Kh8 24. Qd6 Qxd6 25. Rxd6 Re5 26. Be4 Nxe4 27.
fxe4 Rxe4 28. Rfd1 Re6 29. Rxe6 fxe6 30. Rd6 a5 31. Kg2 Kg8 32. Rxe6 Rxd7 33.
Rb6 b4 34. Rb5 bxa3 35. bxa3 c4 36. Rc5 Rd4 37. c3 Re4 38. Kf3 Rh4 39. Kg3 Re4
40. f3 Re6 41. Rxc4 g5 42. Rc5 Kg7 43. c4 a4 44. Ra5 Kg6 45. Rxa4 h5 46. c5 Kf5
47. Rd4 Re2 48. h4 g4 49. Rf4+ Ke5 50. Re4+ Rxe4 51. fxe4 Ke6 52. a4 Kd7 53. a5
Kc7 54. e5 1-0

[Event "Deutsche Ländermeisterschaft 2016"]
[Site "Hannover GER"]
[Date "2016.10.05"]
[Round "7"]
[White "Shirov-Michna, Masza"]
[Black "Fritsch, Lea"]
[Result "0-1"]
[Termination "normal"]
[Board "7.7"]
[WhiteElo "1372"]
[BlackElo "1317"]
[WhiteTeam "Hamburg"]
[BlackTeam "Sachsen-Anhalt"]
[PlyCount "54"]
[WhiteFideId "12921998"]
[BlackFideId "16212436"]
[EventCountry "GER"]
[EventRounds "7"]
[EventType "team-swiss"]
[EventDate "2016.09.30"]

1. d4 d5 2. e3 Nf6 3. f4 e6 4. Bd3 Be7 5. Nf3 Nbd7 6. O-O O-O 7. Bd2 Re8 8. Be1
c5 9. c3 c4 10. Bc2 a6 11. Ne5 Qc7 12. Rf3 b5 13. Nxd7 Bxd7 14. Rh3 e5 15. fxe5
Bxh3 16. exf6 Bxf6 17. gxh3 Rxe3 18. Bg3 Rxg3+ 19. hxg3 Qxg3+ 20. Kf1 Qxh3+ 21.
Kf2 Bh4+ 22. Ke2 Re8+ 23. Kd2 Qg2+ 24. Kc1 Re1 25. Qxe1 Bxe1 26. Kd1 Qf1 27. a4
Bxc3# 0-1

[Event "Deutsche Ländermeisterschaft 2016"]
[Site "Hannover GER"]
[Date "2016.10.05"]
[Round "7"]
[White "Stowicek, Yara Mathilda"]
[Black "Kieckbusch, Lotta"]
[Result "1-0"]
[Termination "normal"]
[Board "7.8"]
[WhiteElo "1391"]
[BlackElo "1286"]
[WhiteTeam "Sachsen-Anhalt"]
[BlackTeam "Hamburg"]
[PlyCount "73"]
[WhiteFideId "16203569"]
[BlackFideId "16214390"]
[EventCountry "GER"]
[EventRounds "7"]
[EventType "team-swiss"]
[EventDate "2016.09.30"]

1. e4 c6 2. d4 d5 3. Nd2 dxe4 4. Nxe4 Bf5 5. Ng3 Bg6 6. N1e2 h6 7. Nf4 Bh7 8.
Bc4 e6 9. O-O Nf6 10. Re1 Nbd7 11. Bxe6 Be7 12. Bc4 O-O 13. Be3 Qc7 14. Bd3
Bxd3 15. Qxd3 Bd6 16. Qd2 Rfe8 17. Nf5 Ng4 18. Nxd6 Qxd6 19. h3 Ndf6 20. Ne2
Nd5 21. Ng3 Re7 22. Nf5 Qc7 23. Nxe7+ Nxe7 24. Bxh6 Nd5 25. Be3 Ngf6 26. c4 Nb6
27. b3 Rd8 28. Rad1 c5 29. d5 Re8 30. Qd3 Qd6 31. Re2 Rd8 32. Rde1 Rc8 33. Bg5
Qd7 34. Bxf6 gxf6 35. Re4 Rd8 36. Qg3+ Kf8 37. Rh4 1-0

[Event "Deutsche Ländermeisterschaft 2016"]
[Site "Hannover GER"]
[Date "2016.10.05"]
[Round "7"]
[White "Peters, Tom"]
[Black "Wachinger, Nikolas"]
[Result "1-0"]
[Termination "normal"]
[Board "8.2"]
[WhiteElo "2065"]
[BlackElo "1646"]
[WhiteTeam "Niedersachsen 2"]
[BlackTeam "Bremen & Friends"]
[PlyCount "57"]
[WhiteFideId "24694444"]
[BlackFideId "12962791"]
[EventCountry "GER"]
[EventRounds "7"]
[EventType "team-swiss"]
[EventDate "2016.09.30"]

1. e4 c5 2. Nf3 d6 3. Bb5+ Nd7 4. d4 cxd4 5. Qxd4 a6 6. Bxd7+ Bxd7 7. O-O e6 8.
Bg5 Qc7 9. Nc3 Qc5 10. Qd2 h6 11. Bh4 Nf6 12. Rad1 O-O-O 13. b4 Qxb4 14. Rb1
Qc5 15. Rb3 g5 16. Bg3 Bc6 17. Nd4 Be7 18. Rfb1 Rd7 19. Rb6 Bd8 20. Rxc6+ bxc6
21. Qd3 Rb7 22. Qxa6 Qa7 23. Qxc6+ Rc7 24. Ncb5 Rxc6 25. Nxa7+ Kd7 26. Naxc6
Bc7 27. e5 Ne4 28. exd6 Nxg3 29. Ne5+ 1-0

[Event "Deutsche Ländermeisterschaft 2016"]
[Site "Hannover GER"]
[Date "2016.10.05"]
[Round "7"]
[White "Silber, Kevin"]
[Black "Stelmaszyk, Nico"]
[Result "1-0"]
[Termination "normal"]
[Board "8.3"]
[WhiteElo "1922"]
[BlackElo "1828"]
[WhiteTeam "Bremen & Friends"]
[BlackTeam "Niedersachsen 2"]
[PlyCount "67"]
[WhiteFideId "12930440"]
[BlackFideId "16200462"]
[EventCountry "GER"]
[EventRounds "7"]
[EventType "team-swiss"]
[EventDate "2016.09.30"]

1. e4 e5 2. Nf3 Nf6 3. Bc4 Nxe4 4. Nc3 Nxc3 5. dxc3 d6 6. Ng5 Be6 7. Nxe6 fxe6
8. Bxe6 Qf6 9. Bc8 Nd7 10. Bxb7 Rd8 11. O-O Be7 12. Bd5 Nb6 13. f4 Nxd5 14.
Qxd5 Rf8 15. Be3 e4 16. Qxe4 Qf5 17. Qa4+ Rd7 18. Bxa7 Kf7 19. Qb3+ d5 20. Rae1
c6 21. Bd4 Kg8 22. a4 Qg4 23. a5 Bh4 24. Re3 Rdf7 25. Ref3 g5 26. f5 Qe4 27. a6
Qe2 28. a7 g4 29. Rf4 Bg5 30. Qb8 Bxf4 31. Qxf4 Re8 32. Qg5+ Kf8 33. Bc5+ Ree7
34. a8=R# 1-0

[Event "Deutsche Ländermeisterschaft 2016"]
[Site "Hannover GER"]
[Date "2016.10.05"]
[Round "7"]
[White "Petri, Ben-Luca"]
[Black "Helmer, Jan"]
[Result "1-0"]
[Termination "normal"]
[Board "8.5"]
[WhiteElo "1719"]
[BlackElo "1784"]
[WhiteTeam "Bremen & Friends"]
[BlackTeam "Niedersachsen 2"]
[PlyCount "58"]
[WhiteFideId "12947261"]
[BlackFideId "12956686"]
[EventCountry "GER"]
[EventRounds "7"]
[EventType "team-swiss"]
[EventDate "2016.09.30"]

1. e4 e6 2. d4 d5 3. Nd2 Nf6 4. e5 Nfd7 5. Bd3 c5 6. c3 Nc6 7. Ne2 cxd4 8. cxd4
f6 9. exf6 Nxf6 10. O-O Bd6 11. Nf3 Qc7 12. h3 O-O 13. Be3 Bd7 14. Rc1 Rae8 15.
Nc3 a6 16. Re1 Re7 17. a3 Qb8 18. Na4 Be8 19. Nd2 Nh5 20. Qc2 g6 21. Nc5 e5 22.
dxe5 Bxe5 23. Qb3 Bh2+ 24. Kh1 Nf6 25. Nf3 Bd6 26. Bg5 Rxe1+ 27. Rxe1 Bf7 28.
Nxb7 Ne4 29. Bxa6 Be6 1-0

[Event "Deutsche Ländermeisterschaft 2016"]
[Site "Hannover GER"]
[Date "2016.10.05"]
[Round "7"]
[White "Möller, Hannah"]
[Black "Silber, Stefanie"]
[Result "1-0"]
[Termination "normal"]
[Board "8.6"]
[WhiteElo "1737"]
[BlackElo "1651"]
[WhiteTeam "Niedersachsen 2"]
[BlackTeam "Bremen & Friends"]
[PlyCount "61"]
[WhiteFideId "1270514"]
[BlackFideId "12918245"]
[EventCountry "GER"]
[EventRounds "7"]
[EventType "team-swiss"]
[EventDate "2016.09.30"]

1. f4 d5 2. b3 Nf6 3. Bb2 Bf5 4. Nf3 e6 5. e3 a6 6. Be2 c5 7. h3 Nc6 8. d3 h6
9. Nbd2 Be7 10. O-O O-O 11. a3 b5 12. Qe1 Qb6 13. Kh1 c4 14. Qf2 Bc5 15. Bxf6
gxf6 16. d4 Be7 17. Rfc1 Kh7 18. Nh4 Bg6 19. g4 c3 20. Ndf3 Be4 21. Qf1 f5 22.
Bd3 fxg4 23. hxg4 Rg8 24. g5 hxg5 25. fxg5 Rg7 26. Qh3 Rh8 27. Bxe4+ dxe4 28.
Ne5 Nxe5 29. Nf5+ Kg6 30. Nxe7+ Kxg5 31. Rg1+ 1-0